The shapes of sleep (Record no. 57379)

MARC details
000 -LEADER
fixed length control field 00476nam a2200145 a 4500
008 - FIXED-LENGTH DATA ELEMENTS--GENERAL INFORMATION
fixed length control field 120416s1963 ||||||||||||||||| || u
050 ## - LIBRARY OF CONGRESS CALL NUMBER
Classification number PR 6031.R6S5
100 ## - MAIN ENTRY--PERSONAL NAME
Personal name Priestley, John Baynton,1894
245 14 - TITLE STATEMENT
Title The shapes of sleep
246 ## - VARYING FORM OF TITLE
Title proper/short title a topical tale
260 ## - PUBLICATION, DISTRIBUTION, ETC.
Place of publication, distribution, etc. London
Name of publisher, distributor, etc. The Book Club
Date of publication, distribution, etc. 1963
300 ## - PHYSICAL DESCRIPTION
Extent 250p.
350 ## - PRICE (NR) (BK AM CF MU VM SE) [OBSOLETE]
Price 0.00
995 ## - RECOMMENDATION 995 [LOCAL, UNIMARC FRANCE]
-- 0.00
-- CBU-MAIN LIBRARY (Kitwe)
-- 1
-- 0.88
-- 1
-- AVAILABLE
-- Fiction Collection
Holdings
Withdrawn status Lost status Source of classification or shelving scheme Damaged status Not for loan Home library Current library Shelving location Date acquired Total Checkouts Full call number Barcode Date last seen Price effective from Koha item type
          CBU-MAIN LIBRARY, KITWE. CBU-MAIN LIBRARY, KITWE.   11/30/2022   PR 6031.R6S5 011325 11/30/2022 11/30/2022 MONOGRAPH